Vista normal
Vista MARC
Entrada Topical Term
Número de registros utilizados en: 3
001 - CONTROL NUMBER
- control field: 2510
003 - CONTROL NUMBER IDENTIFIER
- control field: OSt
005 - DATE AND TIME OF LATEST TRANSACTION
- control field: 20200403151837.0
008 - FIXED-LENGTH DATA ELEMENTS
- fixed length control field: 200403|| aca||aabn | a|a d
040 ## - CATALOGING SOURCE
- Original cataloging agency: OSt
- Transcribing agency: OSt
150 ## - HEADING--TOPICAL TERM
- Topical term or geographic name entry element: Actitud (psicología)
670 ## - SOURCE DATA FOUND
- Source citation: Work cat.: (OSt)3440: Duque Linares, Jorge, autor 2509, Mi fórmula para triunfar /, 2010